• 首页
  • 本馆介绍
  • 公告通知
  • 最新文献
  • 馆藏检索
  • 电子资源
  • 读者导购
  • 参考咨询
  • 我的图书馆
  • 登录
  • 详细信息显示
  • 放入我的书架
  • 预约/预借图书
  • 作者相关作品
  • 分类相关作品
  • 丛书相关作品
  • 出版社相关作品

书目信息

  • 表格格式
  • 工作单格式
  • 卡片格式
题名:
中国古代绘画
    
 
作者: 徐改 著
分册:  
出版信息: 北京   商务印书馆  1991
页数: 133页
开本: 19cm
丛书名: 中国文化史知识丛书
单 册:
中图分类: J209.22
科图分类:
主题词: 绘画史--中国--古代
电子资源:
ISBN: 978-7-100-01248-5
000 00751nam2 2200253 450
001 0100370005
005 20101210092801.0
010    @a978-7-100-01248-5@dCNY2.30
100    @a20021005d1991 demy0chiy0110 ea
101 0  @achi
102    @aCN@b110000
105    @af z 000yd
106    @ar
200 1  @a中国古代绘画@9Zhong Guo Gu Dai Hui Hua @f徐改著@b专著
210    @a北京@c商务印书馆@d1991
215    @a133页@c彩图@d19cm
225 2  @a中国文化史知识丛书@f任继愈主编
330    @a本书介绍了中国原始绘画直到明清代的绘画及著名艺术家
410  0 @12001 @a中国文化史知识丛书
606 0  @a绘画史@y中国@z古代
690    @aJ209.22@v3
701  0 @a徐改@9xu gai@4著
801  0 @aCN@bAiZhiMarc@c19921118
905    @aBZT@dJ209.22@e12@f3@sJ209.22/12
    
    中国古代绘画/徐改著.-北京:商务印书馆,1991
    133页:彩图;19cm.-(中国文化史知识丛书/任继愈主编)
    
    
    ISBN 978-7-100-01248-5:CNY2.30
    本书介绍了中国原始绘画直到明清代的绘画及著名艺术家
●
相关链接 在五车中查询图书 在当当中查询图书 在豆瓣中查询图书


正题名:中国古代绘画     索取号:J209.22/12         预约/预借

序号 登录号 条形码 馆藏地/架位号 状态 备注
1 2000110797   2000110797   旧书回溯/ [索取号:J209.22/12] 在馆    
2 2000110934   2000110934   旧书回溯/ [索取号:J209.22/12] 在馆    
3 2000110935   2000110935   旧书回溯/ [索取号:J209.22/12] 在馆    
山东省滨州职业学院图书馆 欢迎您!
大连网信软件有限公司© 版权所有